000
00218 a2200097 4500
001
38416
100
_a
Chapman E.N
245
_a
The first time supervisor
260
_a
G Br
_b
Kogan Page
_c
1992
090
_c
24402
_d
24402
942
_a
NUST-CAE
_c
M
_c
16006
999
_c
273489
_d
273489